000 01390nam a2200301 c 4500
003 BLK
005 20180420231042.0
008 180409b bul|||||r ||||||| ||bul||
010 _aKNG00120764000
040 _aBLK
041 _aRUS
_cRUS
080 _aПодреждане и аранжиране на цветя - Изработване на букети, гирлянди, венци, аранжиране в вази и др. съдове, икебана и др. на сушени растения, семена
_b745.9
_x
_z745.9
100 1 _aПронников, Владимир Алексеевич
_eпърви автор
_9113209
139 _aПронников, Владимир Алексеевич
_bП 91
245 1 0 _aИкэбана, или Вселенная, запечатленная в цветке
_cВладимир Алексеевич Пронников.
257 _aRUS
260 Москва
_bНаука
_c1985
300 _a175 с.
_bс ил.
_c19 см
380 _a7
650 4 _aИкебана
_9156806
650 4 _aЦветя - аранжиране и символика
_9250675
653 _aикебана
852 _aЦб 140405
856 4 _qpdf
_u
856 4 _qpdf
_u
942 _cKNG
_n0
944 _aCR
_c12.01.2011
_lдобави в АБ / 11.01.2011
_kНаталия_Любомирова
944 _aED
_c19.11.2015
_lдобави в АБ / 11.01.2011
_kНора_Радева
999 _c115287
_d115287